Normal view
MARC view
Entry Personal Name
001 - CONTROL NUMBER
- control field: 510355
003 - CONTROL NUMBER IDENTIFIER
- control field: OSt
005 - DATE AND TIME OF LATEST TRANSACTION
- control field: 20220928144917.0
008 - FIXED-LENGTH DATA ELEMENTS
- fixed length control field: 220928|| aca||aabn | a|a d
040 ## - CATALOGING SOURCE
- Original cataloging agency: OSt
- Transcribing agency: OSt
100 ## - HEADING--PERSONAL NAME
- Personal name: Chanler Alfred D
670 ## - SOURCE DATA FOUND
- Source citation: Work cat.: (OSt)830450: Chanler Alfred D, Management past and present , 1996
